U.S. General Knowledge by Letter - N - Statistics

General Stats
  • This quiz has been taken 187 times
    118 since last reset
  • The average score is 11 of 14
Answer Stats
Hint Answer % Correct
Biggest city in the country New York City
100%
Capital of Tennessee Nashville
97%
Large waterfall on the the border with Canada Niagara Falls
97%
Name a U.S. prairie state that starts with N Nebraska | North Dakota
96%
State with the least annual rainfall Nevada
96%
State that has the highest population density New Jersey
96%
U.S. president that resigned in 1974 Richard Nixon
92%
Biggest city in Louisiana New Orleans
91%
State with the oldest capital New Mexico
85%
Biggest city in New Jersey that is a suburb of the above Newark
82%
Denver NBA team Nuggets
76%
City in Virginia on the Chesapeake Bay Norfolk
45%
One of the biggest suburbs of Chicago Naperville
26%
National park in northern Washington state North Cascades
14%
No matching quizzes found
Score Distribution
Percent of People with Each Score
Percentile by Number Answered
Your Score History
You have not taken this quiz since the last reset